| 000 | 00639nam a2200193 i 4500 | ||
|---|---|---|---|
| 001 | 66305 | ||
| 003 | ES-MaACL | ||
| 007 | t| | ||
| 008 | 040203s1954 sp ||||1| cat d | ||
| 100 | 1 |
_aGali, Alejandro. _953389 |
|
| 245 | 1 | 0 |
_aRafael d'Amat i de Cortada, Baró de Maldá _b: l'escriptor, l'ambient / _cAlexandre Gali. |
| 250 | _a[1ª ed.]. | ||
| 260 |
_aBarcelona : _bAedos, _c[1954] ( _fImp. Moderna) |
||
| 300 |
_a317 p., 6 lám. ; _c22 cm. |
||
| 490 | 1 |
_aBiblioteca biográfica catalana ; _v6 |
|
| 830 | 0 | 0 |
_aBiblioteca biográfica catalana _v6 _9181786 |
| 852 |
_aES-MaACL _jC-8738 _bR.36142 |
||
| 999 |
_c66305 _d66305 |
||